00717nam a2200229 a 4500001001300000003000900013005001700022008004100039020002300080082001700103100001900120245006400139260004100203300000900244500003500253650003000288700001900318902000800337942000700345952011800352999001700470nice12345678IN_TiNIC20260116014456.0070412s2005 newa grp 000 0 eng  a0761934316 c28000a303.625bKAU aKaur, Ravinder aReligion, Violence and Political Mobilisation in South Asia aNew Delhi bSage Publications c2005 a228p aincludes index and biblioraphy aViolence-Religious Aspcts1 aKaur, Ravinder bSRC cBK 001040708StackRoom-aHMIbHMId2013-11-22g280.00l0o303.625 KAUp021832r2013-11-22v280.00w2007-04-12yBK c15525d15525